000 00702cam a2200217 4500
001 ABS62017
008 000000n2000 000 0 eng u
035 _a(Sirsi) u105154
100 _aMoss, R.
245 _aWho's suing you now?
260 _c2000
490 _aRIBA Journal
_v107(4) April 2000, 98-99(2)
520 _aDescribes the circumstances in which third parties can sue on a contract as though they were one of the original contracting parties.
590 _aABS
650 _aCONTRACTS (RIGHTS OF THIRD PARTIES) ACT 1999
650 _aTHIRD PARTIES
650 _aPRIVITY OF CONTRACT
650 _aLITIGATION
690 _aBUILT ENVIRONMENT-BUILDING CONTRACT FORMS
942 _n0
999 _c63054
_d63054